Lucy (Record no. 192091)
[ view plain ]
| 000 -LEADER | |
|---|---|
| fixed length control field | 02702cgm a2200661Ii 4500 |
| 001 - CONTROL NUMBER | |
| control field | ocn897231622 |
| 003 - CONTROL NUMBER IDENTIFIER | |
| control field | OCoLC |
| 005 - DATE AND TIME OF LATEST TRANSACTION | |
| control field | 20260304132608.0 |
| 007 - PHYSICAL DESCRIPTION FIXED FIELD--GENERAL INFORMATION | |
| fixed length control field | vd cvaizu |
| 008 - FIXED-LENGTH DATA ELEMENTS--GENERAL INFORMATION | |
| fixed length control field | 141202s2015 cau089 e vleng d |
| 020 ## - INTERNATIONAL STANDARD BOOK NUMBER | |
| International Standard Book Number | 025192234033 |
| 024 1# - OTHER STANDARD IDENTIFIER | |
| Standard number or code | 025192233982 |
| 024 10 - OTHER STANDARD IDENTIFIER | |
| Standard number or code | 025192234033 |
| 028 42 - PUBLISHER NUMBER | |
| Publisher number | MCA233982002 |
| Source | Universal Studios Canada Inc. |
| 028 42 - PUBLISHER NUMBER | |
| Publisher number | 61131844 |
| Source | Universal |
| 035 ## - SYSTEM CONTROL NUMBER | |
| System control number | (OCoLC)897231622 |
| 040 ## - CATALOGING SOURCE | |
| Original cataloging agency | TEFMT |
| Language of cataloging | eng |
| Description conventions | rda |
| Transcribing agency | TEFMT |
| Modifying agency | TEF |
| -- | TEFMT |
| -- | IEP |
| -- | GK8 |
| -- | JED |
| -- | GK8 |
| -- | IH7 |
| -- | JP3 |
| -- | UINTA |
| 041 1# - LANGUAGE CODE | |
| Language code of text/sound track or separate title | eng |
| -- | fre |
| -- | spa |
| Language code of original and/or intermediate translations of text | eng |
| 044 ## - COUNTRY OF PUBLISHING/PRODUCING ENTITY CODE | |
| MARC country code | cau |
| -- | fr |
| 049 ## - LOCAL HOLDINGS (OCLC) | |
| Holding library | UCLB |
| 050 #4 - LIBRARY OF CONGRESS CALL NUMBER | |
| Classification number | PN1997.2 |
| Item number | .L83 2014 |
| 082 04 - DEWEY DECIMAL CLASSIFICATION NUMBER | |
| Classification number | 791.43/72 |
| Edition number | 23 |
| 092 ## - LOCALLY ASSIGNED DEWEY CALL NUMBER (OCLC) | |
| Classification number | DVD |
| 245 00 - TITLE STATEMENT | |
| Title | Lucy |
| Medium | [videorecording] |
| 257 ## - COUNTRY OF PRODUCING ENTITY FOR ARCHIVAL FILMS | |
| Country of producing entity | France. |
| 264 #1 - Production, Publication, Distribution, Manufacture, and Copyright Notice. | |
| Place of production, publication, distribution, manufacture | Universal City, CA : |
| Name of producer, publisher, distributor, manufacturer | Universal Studios Home Entertainment, |
| Date of production, publication, distribution, manufacture, or copyr | [2015] |
| 300 ## - PHYSICAL DESCRIPTION | |
| Extent | 1 videodisc (89 min.) : |
| Other physical details | sound, color ; |
| Dimensions | 4 3/4 in. |
| 336 ## - Content Type | |
| Content type term | two-dimensional moving image |
| 337 ## - Media type | |
| Media type term | video |
| 338 ## - Carrier type | |
| Carrier type term | videodisc |
| 500 ## - GENERAL NOTE | |
| General note | Released as a motion picture in 2014. |
| 511 1# - PARTICIPANT OR PERFORMER NOTE | |
| Participant or performer note | Morgan Freeman, Scarlett Johansson, Min-sik Choi, Amr Waked. |
| 520 ## - SUMMARY, ETC. | |
| Summary, etc | An action-thriller that tracks a woman accidentally caught in a dark deal who turns the tables on her captors and transforms into a merciless warrior evolved beyond human logic. |
| 521 8# - TARGET AUDIENCE NOTE | |
| Target audience note | MPAA rating: R; for strong violence, disturbing images, and sexuality. |
| 538 ## - SYSTEM DETAILS NOTE | |
| System details note | DVD ; NTSC, region 1 ; widescreen 2.40:1 ; dual layer ; Dolby digital 5.1. |
| 546 ## - LANGUAGE NOTE | |
| Language note | English, French or Spanish dialogue; Spanish, English or French subtitles ; English audio description. |
| 650 #0 - SUBJECT ADDED ENTRY--TOPICAL TERM | |
| Topical term or geographic name as entry element | Human experimentation in medicine |
| Form subdivision | Drama. |
| 9 (RLIN) | 5785095 |
| 650 #0 - SUBJECT ADDED ENTRY--TOPICAL TERM | |
| Topical term or geographic name as entry element | Brain |
| General subdivision | Research |
| Form subdivision | Drama. |
| 9 (RLIN) | 6531076 |
| 655 #7 - INDEX TERM--GENRE/FORM | |
| Genre/form data or focus term | Thrillers (Motion pictures) |
| Source of term | lcgft |
| 655 #7 - INDEX TERM--GENRE/FORM | |
| Genre/form data or focus term | Action and adventure films. |
| Source of term | lcgft |
| 655 #7 - INDEX TERM--GENRE/FORM | |
| Genre/form data or focus term | Science fiction films. |
| Source of term | lcgft |
| 655 #7 - INDEX TERM--GENRE/FORM | |
| Genre/form data or focus term | Feature films. |
| Source of term | lcgft |
| 655 #7 - INDEX TERM--GENRE/FORM | |
| Genre/form data or focus term | Video recordings for the hearing impaired. |
| Source of term | lcgft |
| 655 #7 - INDEX TERM--GENRE/FORM | |
| Genre/form data or focus term | Video recordings for people with visual disabilities. |
| Source of term | lcgft |
| 9 (RLIN) | 5676923 |
| 655 #7 - INDEX TERM--GENRE/FORM | |
| Genre/form data or focus term | Fiction films. |
| Source of term | lcgft |
| 700 1# - ADDED ENTRY--PERSONAL NAME | |
| Personal name | Besson, Luc, |
| Relator term | film director. |
| 9 (RLIN) | 75494 |
| 700 1# - ADDED ENTRY--PERSONAL NAME | |
| Personal name | Freeman, Morgan, |
| Relator term | actor. |
| 9 (RLIN) | 59622 |
| 700 1# - ADDED ENTRY--PERSONAL NAME | |
| Personal name | Johansson, Scarlett, |
| Dates associated with a name | 1984- |
| Relator term | actor. |
| 9 (RLIN) | 58423 |
| 700 1# - ADDED ENTRY--PERSONAL NAME | |
| Personal name | Ch�oe, Min-sik, |
| Dates associated with a name | 1962- |
| Relator term | actor. |
| 9 (RLIN) | 6531077 |
| 700 1# - ADDED ENTRY--PERSONAL NAME | |
| Personal name | Waked, Amr, |
| Relator term | actor. |
| 9 (RLIN) | 5962725 |
| 710 2# - ADDED ENTRY--CORPORATE NAME | |
| Corporate name or jurisdiction name as entry element | Universal Pictures (Firm) |
| 9 (RLIN) | 19584 |
| 710 2# - ADDED ENTRY--CORPORATE NAME | |
| Corporate name or jurisdiction name as entry element | EuropaCorp. |
| 9 (RLIN) | 73334 |
| 710 2# - ADDED ENTRY--CORPORATE NAME | |
| Corporate name or jurisdiction name as entry element | TF1 Films Production. |
| 9 (RLIN) | 63139 |
| 710 2# - ADDED ENTRY--CORPORATE NAME | |
| Corporate name or jurisdiction name as entry element | Studio Canal+. |
| 710 2# - ADDED ENTRY--CORPORATE NAME | |
| Corporate name or jurisdiction name as entry element | Cin�e+ (France) |
| 9 (RLIN) | 6475310 |
| 710 2# - ADDED ENTRY--CORPORATE NAME | |
| Corporate name or jurisdiction name as entry element | Universal Studios Home Entertainment (Firm) |
| 9 (RLIN) | 72642 |
| 942 ## - ADDED ENTRY ELEMENTS (KOHA) | |
| Source of classification or shelving scheme | Dewey Decimal Classification |
| Koha item type | Rated-R Video, DVD, or Blu-Ray |
| Withdrawn status | Lost status | Source of classification or shelving scheme | Damaged status | Not for loan | Collection code | Home library | Current library | Shelving location | Date acquired | Source of acquisition | Cost, normal purchase price | Total Checkouts | Total Renewals | Full call number | Barcode | Checked out | Date last seen | Date checked out | Cost, replacement price | Price effective from | Koha item type |
|---|---|---|---|---|---|---|---|---|---|---|---|---|---|---|---|---|---|---|---|---|---|
| Dewey Decimal Classification | Movies | Wasatch County Library | Wasatch County Library | Audio Visual Area | 03/06/2015 | Amazon | 15.95 | 56 | 12 | DVD Luc | 34301001412248 | 03/23/2026 | 03/03/2026 | 03/03/2026 | 15.95 | 03/20/2020 | DVD |
